Educación nacional en crisis

Furkejuvvon:
Bibliográfalaš dieđut
Váldodahkki: Nuñez Garro, Luis Eduardo
Materiálatiipa: Texto
Almmustuhtton: San José: Sindicato de Educadores Costarricenses
Fáddágilkorat: Lasit fáddágilkoriid
Eai fáddágilkorat, Lasit vuosttaš fáddágilkora!

MARC

LEADER 00000 a a2200000 04500
001 16652
003
040 |a CRAI/IIS  |c CRAI/IIS 
090 |a 011700  
100 |a Nuñez Garro, Luis Eduardo  
245 |a Educación nacional en crisis  
260 |a San José:   |b Sindicato de Educadores Costarricenses  
300 |a 17 p  
999 |c 4425  |d 4425